000 00341nam a22001337a 4500
003 SGT
082 _a347.10954,SHO
100 _aSHOURIE,ARUN
245 _aCOURTS AND THEIR JUDGMENTS PREMISES, PREREQUISITES, CONSEQUENCES
260 _aNEW DELHI
_bRUPA AND COMPANY
_c2001
300 _a459
650 _aCOURTS AND JUDGMENTS
942 _2ddc
_cBK
999 _c9692
_d9692